000 00637nam a2200205Ia 4500
003 GCL
008 140319s9999 xx 000 0 ara d
040 _aGCL /
_cGCL
082 0 4 _a539.76
_bهـ ط
100 1 _aسيد رمضان هدارة (مترجم)
245 1 0 _aالطبيعة النووية /
_cسيد رمضان هدارة (مترجم)
700 1 _aمحمود مختار
700 1 _aهيزنبرج , فيرنر
300 _a236 ص
490 _aالالف كتاب
_v0
650 0 4 _aالفيزياء النووية
650 0 4 _aالالكترونيات
650 0 4 _aالنشاط الاشعاعى
942 _2ddc
_cBK
999 _c45224
_d45224